| 000 | 00897nmm a2200289 a 4500 | ||
|---|---|---|---|
| 001 | ocm0002146547 | ||
| 003 | TR-IsHL | ||
| 005 | 20201028183216.0 | ||
| 008 | 190324s2017 tu tur | ||
| 007 | cr cn | ||
| 020 | _a9786059542036 | ||
| 035 |
_a2146547 _b(N$T) |
||
| 050 | 0 | 4 |
_aHQ1206 _b.S49 2017 |
| 090 | 0 | 4 |
_aHQ1206 _b.S49 2017 |
| 100 | 1 | _aSevgi, Sevgi | |
| 245 | 1 | 0 |
_aKendini doğuran kadın _h[electronic resource] / _cSevgi Sevgi |
| 260 |
_aİstanbul : _bKavim Yayınları, _c2017 |
||
| 300 | _a192 p. | ||
| 650 | 4 | _aTıp | |
| 650 | 4 | _aMedicine | |
| 650 | 0 | _aKişisel gelişim (Psikoloji) | |
| 650 | 0 | _aPersonal development (Psychology) | |
| 650 | 0 |
_aKadın _x Psikolji |
|
| 650 | 0 |
_aWomen _x Psychology |
|
| 650 | 7 |
_aSOCIAL SCIENCE / Women's Studies _2bisacsh |
|
| 856 | 4 | 0 | _uhttp://search.ebscohost.com/login.aspx?direct=true&scope=site&db=e011xww&AN=2146547 |
| 999 |
_c20430 _d20430 |
||